|
|
|
|
| LEADER |
00000nam a2200000Ii 4500 |
| 001 |
DIGUNCK0038 |
| 003 |
NyNyDIG |
| 006 |
m o d |
| 008 |
200122s2014 ck o 000 0 spa d |
| 007 |
cr ||||||||||| |
| 035 |
|
|
|a (OCoLC)1137741056
|
| 040 |
|
|
|a DGITA
|b eng
|e rda
|e pn
|c DGITA
|
| 020 |
|
|
|a 9789587750614
|q (eBook ;
|q pdf)
|
| 020 |
|
|
|a 9587750616
|q (eBook ;
|q pdf)
|
| 020 |
|
|
|z 9789587194388
|
| 020 |
|
|
|z 9587194381
|
| 043 |
|
|
|a s-ck---
|
| 050 |
1 |
4 |
|a B1051 ebook
|
| 082 |
0 |
4 |
|a 199.861
|
| 100 |
1 |
|
|a Mutis, José Celestino,
|d 1732-1808,
|e author.
|
| 245 |
1 |
4 |
|a Los ilustrados /
|c José Celestino Mutis, José Félix de Restrepo, Antonio Nariño.
|
| 264 |
|
1 |
|a Bogotá :
|b Universidad Nacional de Colombia, Facultad de Ciencias Humanas,
|c [2014]
|
| 300 |
|
|
|a 1 online resource.
|
| 336 |
|
|
|a text
|b txt
|2 rdacontent
|
| 337 |
|
|
|a computer
|b c
|2 rdamedia
|
| 338 |
|
|
|a online resource
|b cr
|2 rdacarrier
|
| 347 |
|
|
|a text file
|2 rdaft
|
| 347 |
|
|
|b PDF
|
| 490 |
1 |
|
|a Biblioteca bicentenario ;
|v volumen 1
|
| 500 |
|
|
|a "Conmemoración de la Independencia de Colombia, 1810-2010"--Series title page.
|
| 505 |
0 |
|
|a Discurso pronunciado en la apertura del curso de matemáticas ; Elementos de filosofía natural / José Celestino Mutis -- Ideas de gobierno ; Oración inaugural de su cátedra de Filosofía ; Discurso sobre la manumisión de esclavos / José Félix de Restrepo -- Declaración de los derechos del hombre y del ciudadano ; Escrito presentado a la Real Audiencia en defensa de los derechos del hombre / Antonio Nariño.
|
| 588 |
0 |
|
|a Online resource; title from PDF title page (Digitalia, viewed January 30, 2020)
|
| 650 |
|
0 |
|a Philosophy, Colombian
|x History
|y 19th century.
|
| 650 |
|
0 |
|a Human rights.
|
| 655 |
|
0 |
|a Electronic books.
|
| 700 |
1 |
|
|a Restrepo, José Félix de,
|d 1760-1832,
|e author.
|
| 700 |
1 |
|
|a Nariño, Antonio,
|d 1760-1823,
|e author.
|
| 791 |
2 |
|
|a Digitalia (Firm),
|e distributor.
|
| 793 |
0 |
|
|g Digitalia eBook Collection:
|a Universidad Nacional de Colombia
|
| 776 |
0 |
8 |
|i Print version:
|a Mutis, José Celestino, 1732-1808.
|t Ilustrados.
|d Bogotá : Universidad Nacional de Colombia, Facultad de Ciencias Humanas, 2010
|z 9789587194388
|w (OCoLC)703272648
|
| 830 |
|
0 |
|a Biblioteca bicentenario (Universidad Nacional de Colombia, Facultad de Ciencias Humanas) ;
|v v. 1.
|
| 856 |
4 |
0 |
|3 Digitalia Hispánica
|u https://www.digitaliapublishing.com/a/62138/
|
| 910 |
|
|
|a Premium collection: 2020
|